000 00830nam a2200217Ia 4500
001 18136
003 GE_BSU
008 181216s||||||||xx |||||||||||||| ||und||
020 _a99940-20-61-7
040 _cGE_BSU
245 _aლაზურის ფონემატური სტრუქტურა
245 _cრედ.: თამაზ გამყრელიძე
250 _aივანე ჯავახიშვილის სახ. სახ-ფო უნ-ტი.
260 _aთბილისი
260 _bთბილ. უნ-ტის გამ-ბა
260 _c2005
300 _a563გვ. ; 20სმ.
520 _aპარალ. სათ. რუს. და ინგლ. ენ., ტექსტი რუს. და ინგლ. ენ.
541 _h12ლ.
942 _cBK
999 _c51177
_d51177